000 00431nam a22001817a 4500
003 MPLRDC
005 20220104124611.0
008 210129b ||||| |||| 00| 0 eng d
020 _a9971-54-732-5
082 _a859.4 YNTH v.1
100 _a不详
245 _a卖火柴的女孩
_c
260 _a
_b南方印刷出版有限公司
_c
300 _b
490 _a幼年童话;1
650 _a
942 _cBK
_o859.4 YNTH v.1
999 _c20633
_d20623